|
|
|
|
| LEADER |
01042nam a2200265 u 4500 |
| 001 |
10020843 |
| 003 |
upatras |
| 005 |
20210117205501.0 |
| 008 |
990311s1998 si eng |
| 020 |
|
|
|a 9810208782
|
| 040 |
|
|
|a GR-PaULI
|c GR-PaULI
|
| 041 |
0 |
|
|a eng
|
| 082 |
0 |
4 |
|a 530.11
|
| 100 |
1 |
|
|a Nottale, Laurent
|9 145078
|
| 245 |
1 |
0 |
|a Fractal space-time and microphysics
|b towards a theory of scale relativity
|c Laurent Nottale
|
| 260 |
|
|
|a Singapore
|b World Scientific
|c 1998
|
| 300 |
|
|
|a ix, 333 p.
|b fig.
|c 24 cm.
|
| 504 |
|
|
|a Includes bibliographical references and index
|
| 650 |
|
4 |
|a Σχετικότητα (Φυσική)
|9 120
|
| 650 |
|
4 |
|9 7
|a Κβαντική θεωρία πεδίων
|
| 852 |
|
|
|a GR-PaULI
|b ΠΑΤΡΑ
|b ΦΥΣΙΚΟ
|k ΑΣΧΞ-1
|h 530.11 Ν
|m 041445
|p 025000004916
|t 1
|
| 942 |
|
|
|2 ddc
|c BK15
|
| 952 |
|
|
|0 0
|1 0
|4 0
|6 530_110000000000000_Ν
|7 0
|9 181279
|a PHYS
|b PHYS
|d 2016-04-24
|i 041445
|l 0
|o 530.11 Ν
|p 025000004916
|r 2016-04-24 00:00:00
|t 1
|w 2016-04-24
|y BK15
|
| 998 |
|
|
|c ΠΑΝΑΓΟΠΟΥΛΟΥ
|d 1999-03
|
| 999 |
|
|
|c 112046
|d 112046
|